| 000 | 00523nam a2200133Ia 4500 | ||
|---|---|---|---|
| 008 | 171207s9999 xx 000 0 und d | ||
| 100 | _aFouche, Christa B. | ||
| 245 | _aAction researchers encountering ethical review: a literature synthesis on challenges and strategies | ||
| 245 | _cChrista B. Fouché & Laura A. Chubb | ||
| 260 | _c2017 | ||
| 300 | _apages 23-34, 2017 | ||
| 440 |
_aEducational Action Research _v25:1 |
||
| 650 | _aParticipatory approaches, action research, institutional review boards, ethical review | ||
| 999 |
_c347512 _d347512 |
||